000 01046nab a2200265 u 4500
001 09306
003 HDC
007 cr bn ---aaaaa
008 210201b20132013may||||| |||| 00| 0 may d
040 _aHDC
245 0 _aSecret Garden ke pasaran serantau:
_bsyarikat peruntuk RM1.5j perkukuh jenama menerusi iklan, promosi
_c/ Zuraidah Mohamed (Click "TITLE NOTES" below to request for the document)
260 _aMalaysia:
_bNew Straits Times Press (M) Bhd.,
_c2013
300 _a1 online resource
336 _atext
_2rdacontent
337 _acomputer
_2rdamedia
338 _aonline resource
_2rdacarrier
500 _aSegment: Peluang Niaga
_ahttps://hkc.hdcglobal.com/member/request-adhoc
650 _aCosmetics industry
_zMalaysia
_95555
650 _aTrade
_94755
700 _aZuraidah Mohamed
_98809
856 _zRequest full-text at [email protected]
942 _2lcc
942 _cNEWS
942 _kNWSC 002596
999 _c6629
_d6629